| 000 | 01467nam a22003254i 4500 | ||
|---|---|---|---|
| 001 | 991061509088606706 | ||
| 003 | ES-BaIT | ||
| 005 | 20251104111601.0 | ||
| 008 | 251029s2023 sp |||| |||| 0|0 d cat|c | ||
| 017 |
_aDL PM 817-2023 _bOficina DL Palma de Mallorca |
||
| 020 | _a9788418441844 | ||
| 040 |
_aES-BaIT _bcat _erda _cES-BaIT |
||
| 080 | _a849.9-2"20" | ||
| 100 | 1 |
_aTejedor, Àlex, _eautor _9167751 |
|
| 245 | 1 | 0 |
_aPell de sargantana / _cescrita per Àlex Tejedor ; basada en una idea creada per Rodo Gener & Àlex Tejedor |
| 264 | 1 |
_aPalma de Mallorca : _bEdicions Documenta Balear, _c[2023] |
|
| 300 |
_a70 pàgines ; _c21 cm |
||
| 336 |
_atext _btxt _2rdacontent |
||
| 337 |
_asense mediació _bn _2rdamedia |
||
| 338 |
_avolum _bnc _2rdacarrier |
||
| 490 | 1 | _aMagatzem Can Toni. Teatre | |
| 490 | 1 | _aTeatre Principal de texts dramàtics | |
| 500 | _aP4: D2, H2 | ||
| 520 | _a"Gerard, un solitari marxant d'art que viu a la seva luxosa mansió al mig del camp i rodejat de les darreres tecnologies digitals, rep la visita nocturna d'Amanda, una atractiva jove amb qui té una reunió en privat. Aquella mateixa nit es presenta a la casa Esteban, un home intrigant que no ha estat convidat i que obliga els personatges a desvetllar la seva vertadera pell" -- Contracoberta | ||
| 830 |
_aMagatzem can Toni _988046 |
||
| 830 | 0 |
_aCol·lecció Teatre Principal de texts dramàtics _9157024 |
|
| 908 | _aCDMAE | ||
| 940 | _aCVA2 | ||
| 942 |
_2udc _c1 |
||
| 999 |
_c136781 _d136781 |
||